000 00642nam a2200205Ia 4500
001 15548
003 GE_BSU
008 181216s||||||||xx |||||||||||||| ||und||
040 _cGE_BSU
100 _aბარუზდინი, სერგეი
245 _aმოთხრობები ქალებზე
245 _bრომანი ოთხ ბედად
260 _aთბილისი
260 _bმერანი
260 _c1985
300 _a294გვ. 20სმ.
653 _aმოთხრობები ქალებზე
653 _aრომანი ოთხ ბედად
942 _cBK
999 _c48648
_d48648